000 00442nam a2200157Ia 4500
003 OSt
005 20200617130254.0
008 190216s9999||||xx |||||||||||||| ||und||
040 _coclc
082 _a954
_bSRI/S
100 _aSrivastava, A L
_93014
245 0 _aStudies In Indian History /
_cA L Srivastava
260 _bShivlal Agarwala & Com,
_c1974.
300 _a399p
942 _cBK
_2ddc
_h954
_iSRI/S
_k954
_mSRI/S
999 _c19390
_d19390